Database System Concepts (Record no. 5989)

MARC details
000 -LEADER
fixed length control field 00318nam a2200133Ia 4500
008 - FIXED-LENGTH DATA ELEMENTS--GENERAL INFORMATION
fixed length control field 191201s2013 xx 000 0 und d
100 ## - MAIN ENTRY--PERSONAL NAME
Personal name SILBERSCHATZ, Abraham
245 #0 - TITLE STATEMENT
Title Database System Concepts
250 ## - EDITION STATEMENT
Edition statement 6th
260 ## - PUBLICATION, DISTRIBUTION, ETC. (IMPRINT)
Place of publication, distribution, etc New Delhi
Name of publisher, distributor, etc TMH
Date of publication, distribution, etc 2013
300 ## - PHYSICAL DESCRIPTION
Extent 1349
650 ## - SUBJECT ADDED ENTRY--TOPICAL TERM
Topical term or geographic name as entry element M.Tech(CSE)
942 ## - ADDED ENTRY ELEMENTS (KOHA)
Source of classification or shelving scheme Dewey Decimal Classification
Koha item type Text Books
942 ## - ADDED ENTRY ELEMENTS (KOHA)
-- 3
Holdings
Withdrawn status Lost status Source of classification or shelving scheme Damaged status Not for loan Collection code Home library Current library Date acquired Source of acquisition Cost, normal purchase price Bill Number Total Checkouts Full call number Acc. no. / Barcode Date last seen Date last borrowed Actual Cost, discounted price Bill Date Koha item type Checked out Public note
    Dewey Decimal Classification     B.Tech(CSE) PIET C-LIBRARY PIET C-LIBRARY 09/08/2014 Orange Books International 825.00 4580 1 005.74 SID 24756 21/09/2021 07/09/2021 577.50 31/07/2014 Text Books    
    Dewey Decimal Classification     B.Tech(CSE) PIET C-LIBRARY PIET C-LIBRARY 09/08/2014 Orange Books International 825.00 4580 4 005.74 SID 24757 11/11/2024 04/11/2024 577.50 31/07/2014 Text Books    
    Dewey Decimal Classification     B.Tech(CSE) PIET C-LIBRARY PIET C-LIBRARY 09/08/2014 Orange Books International 825.00 4580 1 005.74 SID 24758 21/01/2022 21/01/2022 577.50 31/07/2014 Text Books 20/07/2022 .
    Dewey Decimal Classification     B.Tech(CSE) PIET C-LIBRARY PIET C-LIBRARY 09/08/2014 Orange Books International 825.00 4580   005.74 SID 24759 04/12/2019   577.50 31/07/2014 Reference Books    

Design & Developed by: PIET Central Library
R70 Miles Stone Pattikalyana Samalkha Panipat 132102
mail ID :- [email protected], Phone No:- 0180-2569700 Ex.216